000 02566cam a22004454i 4500
003 PE-LiUPU
005 20250731165356.0
008 150827s2015 pe a grm 000 0 spa d
035 _a(Sirsi) a154187
040 _aPE-LiUPU
_bspa
_cPE-LiUPU
_erda
099 _aTNH 2
_bF23 2015
100 1 _aFarfán Dianderas, Catalina
_eautor
245 1 _aRelación del estado nutricional y anemia ferropénica en niños menores de dos años evaluados en el Centro de Salud Materno Infantil Miguel Grau 2012 /
_cCatalina Farfán Dianderas.
264 0 _c2015.
300 _a62 hojas :
_bilustraciones;
_c30 cm
336 _atext
_2rdacontent
337 _aunmediated
_2rdamedia
338 _avolume
_2rdacarrier
502 _aTesis
_b(Lic.) --
_cUniversidad Peruana Unión,
_d2015.
504 _aIncluye referencias
520 3 _aEl objetivo de este estudio es establecer la relación entre el estado nutricional y la anemia ferropénica en niños menores de dos años evaluados en el Centro Materno Infantil Miguel Grau, 2012. El estudio es de tipo descriptivo, donde se tuvo una muestra de 187 niños. Se recolectó la información a partir de las historias clínicas y de la evaluación antropométrica. Posteriormente se vació los datos al programa SPSS para su análisis estadístico. Se encontró que el 48.7% presentaron anemia ferropénica y el 51,3% tuvieron niveles de hemoglobina dentro de los valores normales. En cuanto al diagnóstico nutricional, se encontró que el 3,7% de niños tuvieron desnutrición crónica, el 0.5% presentaron desnutrición aguda, el 93,6 estuvieron dentro de los rangos normales, el 1.6% fueron diagnosticados con sobrepeso y el 0.5% con obesidad. Resultado: No existe relación entre el estado nutricional y la anemia ferropénica, teniendo un buen estado nutricional existen diversos factores que ocasionan la anemia en los niños comprendidos entre las edades estudiadas, así como, niños que presentaban desnutrición o sobrepeso pueden o no presentar anemia ferropénica.
526 _aSEG44
526 _aSEG26
526 _aP151
526 _aP150
526 _aP149
526 _aP146
526 _aP145
526 _aP126
526 _aP125
526 _aP92
526 _aP75
526 _aP74
526 _aP27
526 _aP15
650 0 4 _aNiños
_xDesnutrición
_xAnemia ferropénica
596 _a1
942 _2ddc
_cTESIS
999 _aTNH 2F23 2015
_wALPHANUM
_c6884
_iT01798
_lCCODEBUL3
_mBUL
_r1
_sY
_tTESIS
_u2015-8-27
_xSALUD
_PP31
_o.STAFF. Tesis
_d6884
980 _81
_gALBERTO SANCHEZ Responsable de Automatización